Born in Harrisburg/Pennsylvania - Statistics

General Stats
  • This quiz has been taken 9 times
  • The average score is 3 of 7
Answer Stats
Hint Answer % Correct
Speaker of the House of Representatives from 1995 to 1999 and influential member of the Republican Party 1943 Newt Gingrich
75%
Former running back who played for the Philadelphia Eagles and Buffalo Bills 1988 LeSean McCoy
63%
Outside linebacker who plays for the Dallas Cowboys 1999 Micah Parsons
63%
Head coach of the Minnesota Vikings from 1992 to 2001 and of the Arizona Cardinals from 2004 to 2006 1949 Dennis Green
38%
General manager of the Arizona Cardinals from 2013 to 2022 1972 Steve Keim
38%
Actor known for his role as Daniel Meade in "Ugly Betty" 1971 Eric Mabius
25%
Tennis player and Australian Open finalist 1995 Jennifer Brady
25%
No matching quizzes found
Score Distribution
Percent of People with Each Score
Percentile by Number Answered
Your Score History
You have not taken this quiz